MARC

LEADER 00000nam0a2200000 4500
001 265427
005 20231031223147.0
010 |a 9789952434477 
035 |a (RuTPU)RU\TPU\book\288428 
090 |a 265427 
100 |a 20140626d2014 km y0rusy50 ca 
101 0 |a rus 
102 |a AZ 
105 |a a z 000zy 
200 1 |a Информационное общество: интересные хронологические факты  |f Р. Алгулиев, П. Салманова  |g Национальная академия наук Азербайджана (НАНА), Институт информационных технологий (ИИТ) 
210 |a Баку  |c Информационные технологии  |d 2014 
215 |a 169 с.  |c ил. 
606 1 |a Информатика  |2 stltpush  |3 (RuTPU)RU\TPU\subj\36202 
610 1 |a история 
610 1 |a информационное общество 
610 1 |a информация 
610 1 |a исторические факты 
610 1 |a хронология 
610 1 |a изобретения 
675 |a 004(09)  |v 4 
700 1 |a Алгулиев  |b Р.  |g Расим 
701 1 |a Салманова  |b П.  |g Парвана 
712 0 2 |a Национальная академия наук Азербайджана (НАНА)  |b Институт информационных технологий (ИИТ)  |c (Баку)  |2 stltpush  |3 (RuTPU)RU\TPU\col\19752 
801 1 |a RU  |b 63413507  |c 20140626 
801 2 |a RU  |b 63413507  |c 20140825  |g RCR 
942 |c BK